Normal view
MARC view
- RAPID PROTOTYPING
Entry Topical Term
001 - CONTROL NUMBER
- control field: 62297
003 - CONTROL NUMBER IDENTIFIER
- control field: NUST
005 - DATE AND TIME OF LATEST TRANSACTION
- control field: 20210628202921.0
008 - FIXED-LENGTH DATA ELEMENTS
- fixed length control field: 210628|| aca||aabn | a|a d
040 ## - CATALOGING SOURCE
- Original cataloging agency: NUST
- Transcribing agency: NUST
150 ## - HEADING--TOPICAL TERM
- Topical term or geographic name entry element: RAPID PROTOTYPING
670 ## - SOURCE DATA FOUND
- Source citation: Work cat.: (NUST): Noorani, Rafiq 62296, Rapid prototyping principles and applications, 2006
